Estates Times review February 1983. Special feature: retail property. Historic towns: Portsmouth (Record no. 95690)

MARC details
000 -LEADER
fixed length control field 00469cam a2200169 4500
001 - CONTROL NUMBER
control field D3550
008 - FIXED-LENGTH DATA ELEMENTS--GENERAL INFORMATION
fixed length control field 090401t1983 xxu||||| |||| 00| 0 eng d
035 ## - SYSTEM CONTROL NUMBER
System control number (Sirsi) u73735
041 ## - LANGUAGE CODE
Language code of text/sound track or separate title eng
050 ## - LIBRARY OF CONGRESS CALL NUMBER
Classification number 333.33
245 ## - TITLE STATEMENT
Title Estates Times review February 1983. Special feature: retail property. Historic towns: Portsmouth
260 ## - PUBLICATION, DISTRIBUTION, ETC.
Place of publication, distribution, etc. London
Name of publisher, distributor, etc. Morgan Grampian (Construction Press)
Date of publication, distribution, etc. 1983
300 ## - PHYSICAL DESCRIPTION
Extent 49p. 28cm
350 ## - PRICE (NR) (BK AM CF MU VM SE) [OBSOLETE]
Price 2
942 ## - ADDED ENTRY ELEMENTS (KOHA)
Suppress in OPAC 0
948 ## - LOCAL PROCESSING INFORMATION (OCLC); SERIES PART DESIGNATOR (RLIN)
c (OCLC) 04/03/1997
Holdings
Withdrawn status Lost status Source of classification or shelving scheme Damaged status Not for loan Home library Current library Shelving location Date acquired Cost, normal purchase price Total Checkouts Full call number Barcode Date last seen Copy number Cost, replacement price Price effective from Koha item type
    Dewey Decimal Classification     London London Basement 14/09/1999 2.00   NEW BASEMENT 30021421 06/08/2019 1 2.00 06/08/2019 Book